000 00617nam a2200229Ia 4500
003 OSt
005 20221007064714.0
006 a|||||r|||| 00| 0
007 ta
008 221006b |||||||| |||| 00| 0 eng d
024 _a17,522
037 _cTextual
040 _aFLL
_cFLL
_beng
041 _2eng
_aeng
082 _aY:45.2.N7, L5
100 _aNayar Baldev Raj Au.
_9686191
245 0 _aViolence and crime in India
260 _aDelhi
_bMacmillan Co. India
_c1975
300 _axii,150p
_ccm.
942 _hY:45.2.N7, L5
_cTEXL
_2CC
999 _c1135078
_d1135078